| 000 | 00620nam a2200145Ia 4500 | ||
|---|---|---|---|
| 008 | 170221s9999 xx 000 0 und d | ||
| 100 | _aVasiliy S. Kireev | ||
| 245 | _aMarketing Management as the Realization Process of Research, Production and Sale Activity of the Enterprise | ||
| 245 | _cVasiliy S. Kireev, Marina L. Nekrasova, Ekaterina V. Shevchenko, Irina E. Alpatskaya, Sergey A. Makushkin, Elena V. Povorina | ||
| 260 | _bInternational Review of Management and Marketing | ||
| 260 | _cMay 2013 | ||
| 300 | _a2:2 | ||
| 650 | _xMarketing. | ||
| 856 | _uhttp://www.econjournals.com/index.php/irmm/issue/view/86 | ||
| 999 |
_c310263 _d310263 |
||